| 000 | 01635nam a22004337a 4500 | ||
|---|---|---|---|
| 003 | OLSZT 008 | ||
| 005 | 20260331235334.0 | ||
| 008 | 260331s2013 pl 2 000 0 pol d | ||
| 040 |
_aOLSZT 008/bak _bpol _erda _cOLSZT 008/bak |
||
| 045 | 2 |
_bd1924 _bd1950 |
|
| 046 | _k2013 | ||
| 100 | 1 |
_aGąsiorowski, Andrzej _d(1935- ). _eAutor _919377 |
|
| 245 | 1 | 0 |
_aZ dziejów Seminarium Nauczycielskiego w Trokach na Wileńszczyźnie (1924-1950) / _cAndrzej Gąsiorowski, Danuta Kamilewicz-Rucińska. |
| 260 |
_aKielce : _bWydawnictwo Pedagogiczne ZNP. _c2013. |
||
| 300 |
_aStrony [37]-53 ; _c21 cm. |
||
| 336 |
_aText _btxt _2rdacontent |
||
| 337 |
_aBez urządzenia pośredniczącego _bn _2rdamedia |
||
| 338 |
_aWolumin _bnc _2rdacarrier |
||
| 380 | _aKsiążki | ||
| 380 | _aPublikacje naukowe | ||
| 388 | 1 | _a2001- | |
| 500 | _aOdbitka z: Przegląd Historyczno-Oświatowy, Rok LVI 3-4 (221-222), 2013. | ||
| 500 | _aAdres wydawniczy zgodny ze źródłem odbitki. | ||
| 504 | _aBibliografia na stronach 53-55. | ||
| 610 | 2 | 7 |
_aPaństwowe Seminarium Nauczycielskie (Troki) _2DBN _939374 |
| 648 | 7 | _a1901-2000 | |
| 648 | _a1918-1939 | ||
| 648 | 7 | _a1939-1945 | |
| 648 | 7 | _a1945-1989 | |
| 651 | 7 |
_aTroki (Litwa, okr. wileński, rej. trocki) _2DBN _939373 |
|
| 655 | 7 |
_aArtykuł z czasopisma naukowego _2DBN _936020 |
|
| 658 | 7 |
_aEdukacja i pedagogika _935185 |
|
| 658 | 7 |
_aHistoria _935177 |
|
| 700 | 1 |
_aKamilewicz-Rucińska, Danuta _d(1970- ). _939372 _eAutor |
|
| 710 | 2 |
_aWydawnictwo Pedagogiczne ZNP. _eWydawca _4pbl _939366 |
|
| 942 |
_2ddc _cBK_NM |
||
| 999 |
_c27402 _d27402 |
||